00643nam a22002177a 450000500170000001000130001702000260003003500130005603700090006908200100007810000190008824500840010726000570019127000580024830000210030650000200032765000180034765000180036570000210038370000210040420221011162610.0 aB-741360 a9789351526575c755.00 aB-741360 bGift a617.7 aKhurana, A.K.  aReview of ophthalmology /cby A.K. Khurana, Aruj K Khurana [and] Bhawna Khurana aNew Delhi bJaypee Brothers Medical Publishersc2015 bNew Delhi a4835/24, Ansari Road, Darya Ganj e110002 a190p.c25cm(pbk) aIncludes index  aOphthalmology aEye--Diseases aKhurana, Aruj K  aKhurana, Bhawna